Letra completa de Capitulo 4, versículo 3 Racíonais - Statistics

Estatísticas Gerais
  • Esse quiz foi jogado 71 vezes
  • A pontuação média é 608 de 1205
Estatísticas das Respostas
Resposta % Correto
A
100%
a
100%
à
100%
A,
100%
é
97%
e
97%
E
97%
É,
97%
o
92%
Ó
92%
O
92%
89%
89%
Di?
87%
Eu
87%
eu
87%
87%
te
87%
Te
87%
vê,
87%
1
84%
de
84%
De
84%
do
84%
dó,
84%
84%
Na
84%
na
84%
pó,
84%
pra
84%
Pra
84%
se
84%
Se
84%
sou
84%
84%
tem
84%
Tem
84%
tem,
84%
um
84%
um,
84%
Um
84%
vi
84%
3
82%
Aqui
82%
aqui
82%
82%
em
82%
Em
82%
me
82%
82%
82%
não
82%
Não
82%
pá,
82%
82%
por
82%
pôr
82%
Por
82%
que
82%
Que
82%
quê,
82%
quê
82%
82%
4
79%
Sem
79%
sem
79%
bem
76%
bem,
76%
dois
76%
Minha
76%
minha
76%
Preto,
76%
Preto
76%
preto
76%
são
76%
São
76%
uma
76%
ver,
76%
ver
76%
você
76%
Você
76%
as
74%
faz
74%
Faz
74%
lugar
74%
Para
74%
vou
74%
da
71%
dá,
71%
71%
mais
71%
Meu
71%
meu
71%
ruim,
71%
3
68%
cento
68%
cima,
68%
intenção
68%
68%
mal
68%
mal,
68%
no
68%
No
68%
ou
68%
Ou
68%
pior
68%
primeira
68%
tenho
68%
vendo
68%
versículo
68%
Versículo
68%
4
66%
capítulo
66%
Capítulo
66%
chão
66%
com
66%
esvazia
66%
for
66%
missão
66%
muita
66%
negro
66%
negro,
66%
palavra
66%
parar
66%
pro
66%
veneno
66%
munição
63%
segunda
63%
bom
61%
cem
61%
periferia
61%
polícia,
61%
quem
61%
Quem
61%
tiro,
61%
tremer
61%
vai
61%
vai,
61%
Vai
61%
atirar
58%
bum,
58%
cada
58%
Cada
58%
estilo
58%
fala
58%
Paulo
58%
Paulo,
58%
pesado
58%
Racionais,
58%
Racionais
58%
seja
58%
vale
58%
1
55%
aí,
55%
55%
(aí
55%
dos
55%
fim,
55%
mano
55%
mano,
55%
mim
55%
Talvez
55%
Uni
55%
céu
53%
Céu
53%
jovens
53%
morre
53%
Nas
53%
Rap
53%
seu
53%
Seu
53%
disposição
50%
mágico
50%
otário,
50%
policial
50%
réu,
50%
sempre
50%
violência
50%
violentamente
50%
Violentamente
50%
2%
47%
60%
47%
bandido
47%
como
47%
depois
47%
Depois
47%
necessário
47%
negros
47%
rua
47%
sádico,
47%
sofreram
47%
tudo
47%
7
45%
9
45%
além
45%
atirador,
45%
Brasil
45%
Franco
45%
Malandro
45%
Mas
45%
mas
45%
nem
45%
Nem
45%
nós,
45%
nos
45%
puta,
45%
Puta
45%
puta
45%
sanguinário
45%
universidades
45%
anjo,
42%
antecedentes
42%
apenas
42%
ar,
42%
atitude
42%
criminais
42%
dom,
42%
42%
moletom
42%
negra
42%
os
42%
Os
42%
pela
42%
Primo
42%
Revolucionário,
42%
sobrevivente
42%
som
42%
Vim
42%
bombeta
39%
cara,
39%
cara
39%
chama
39%
dia
39%
Dim,
39%
dim,
39%
fez
39%
filha
39%
frio
39%
Inferno
39%
Juiz
39%
marginal
39%
Aleluia
37%
cola
37%
Cristo
37%
Ei,
37%
louco
37%
marrom
37%
negras
37%
ninguém
37%
Opala
37%
pacífico,
37%
pouco,
37%
Quatro
37%
sistema
37%
tipo
37%
vida
37%
vida,
37%
abalar
34%
ainda
34%
Brown
34%
Brown,
34%
cachorro
34%
dominó
34%
Duni
34%
fora,
34%
jovem
34%
nervoso
34%
outra
34%
outro
34%
previsto
34%
profecia
34%
raciocínio
34%
rajada
34%
verídico
34%
Fronteira
32%
imortal
32%
imprevisível,
32%
insano
32%
mina
32%
mortas
32%
morte,
32%
pessoas
32%
sabotar
32%
sai
32%
sanguíneo
32%
sua
32%
ter
32%
vêm
32%
vem,
32%
alunos
29%
Astral
29%
bilhar,
29%
calça
29%
cu
29%
Diabo
29%
era
29%
era)
29%
fundo
29%
horas,
29%
Irmão,
29%
melhor
29%
porra
29%
queda
29%
ser,
29%
Ser
29%
vez
29%
ascensão
26%
ataque
26%
brasileiras,
26%
carro
26%
fuma?
26%
fuma
26%
fúria
26%
jaco
26%
jeans
26%
manos
26%
minutos
26%
num
26%
PT
26%
ressuscita
26%
tênis,
26%
tênis
26%
vamo
26%
verso
26%
Antigo
24%
branquinho
24%
cardíaco
24%
cetim,
24%
cocaína
24%
crack,
24%
dar
24%
Dinho
24%
Éder,
24%
emana
24%
faça
24%
feliz
24%
Guilherme,
24%
moderno,
24%
nesse
24%
olhos
24%
padre
24%
venenoso
24%
anos
21%
cheira
21%
conhaque
21%
dei
21%
dinheiro,
21%
dinheiro
21%
Dinheiro
21%
eles
21%
ideia
21%
nenhum
21%
noite
21%
nossos
21%
shopping
21%
também
21%
uísque
21%
Veja
21%
veja
21%
acenou
18%
algum
18%
asfalto
18%
bala
18%
boca
18%
contrariando
18%
entope
18%
estatística
18%
falar
18%
irmãos
18%
Marquinho,
18%
monstro
18%
nariz
18%
nunca
18%
osso
18%
outros
18%
pele
18%
pena
18%
poço,
18%
sei
18%
vários
18%
Vários
18%
veio
18%
viu
18%
alto
16%
ao
16%
aquele
16%
assim
16%
até
16%
azuis
16%
balada,
16%
cano
16%
Colou
16%
começou
16%
das
16%
destaque
16%
elite,
16%
embaçar
16%
engatilha
16%
estar?
16%
fosse
16%
guerreiro
16%
joga
16%
mil
16%
Muito
16%
nasceu
16%
Ontem
16%
passaram
16%
preta
16%
Será
16%
terrorista
16%
Bebe
13%
beira
13%
bolso
13%
burro
13%
Buscava
13%
dele
13%
dentro
13%
disse
13%
enfia
13%
escola
13%
farol
13%
flagrante
13%
Ibope
13%
lei
13%
luz
13%
menos
13%
moral,
13%
neblina
13%
nenhuma
13%
nove
13%
Número
13%
ordem,
13%
outdoor
13%
Pelo
13%
portão
13%
pouca
13%
rádio,
13%
rádio
13%
real
13%
rebola
13%
sangue
13%
sinal
13%
soprando
13%
Tragando
13%
troca
13%
vejo
13%
Agora
11%
americano
11%
Apoiado
11%
bar
11%
batom
11%
bola
11%
Calvin
11%
cela
11%
chance
11%
cinquenta
11%
colar
11%
conversa
11%
cor
11%
dias
11%
dor
11%
dor,
11%
Fanho,
11%
fode
11%
ignore
11%
Ih,
11%
iludo
11%
jogava
11%
jornal,
11%
Klein,
11%
latino
11%
manda
11%
mística
11%
neguinho
11%
óleo
11%
pique
11%
PM
11%
pobre
11%
quebrada
11%
rapaz
11%
rapidinho,
11%
redor
11%
revista
11%
rouba
11%
sete
11%
sol
11%
sujo
11%
sumi
11%
terminar
11%
toca
11%
toda
11%
todo
11%
touca
11%
trampa
11%
usa
11%
vela
11%
vivo
11%
alma
8%
alma,
8%
aplaudir
8%
aquela
8%
caráter,
8%
caro
8%
condições,
8%
Curtia
8%
custa
8%
deixa
8%
dublê
8%
fama
8%
fita
8%
forte
8%
Funk,
8%
humilha
8%
limite,
8%
loco
8%
madeira,
8%
medo
8%
merda,
8%
merda
8%
moleque
8%
nessas
8%
oferece
8%
onde
8%
permaneço
8%
pilantra
8%
Playboy
8%
príncipe
8%
pros
8%
Puma,
8%
rolê
8%
roupa
8%
sabe
8%
Santo
8%
seduz
8%
Senhor
8%
sente
8%
Sexo
8%
sozinho
8%
status
8%
trampo
8%
transforma
8%
TV
8%
uns
8%
velho
8%
Vinte
8%
assistir
5%
calma
5%
chocolate
5%
Click,
5%
colateral
5%
comercial
5%
Contamina
5%
conto
5%
dedo
5%
defende
5%
demônio
5%
desandar
5%
deveria
5%
Efeito
5%
engana
5%
envelope
5%
Exemplo
5%
febre
5%
foda
5%
Foda
5%
fudido,
5%
gol
5%
grana
5%
humilde
5%
jeito
5%
lendo
5%
logo
5%
louvado
5%
mundo
5%
nova
5%
numa
5%
Ouvindo
5%
pai
5%
pedindo
5%
perigo
5%
ponto
5%
preciso
5%
propaganda
5%
prossigo
5%
sentar
5%
Sodoma
5%
tiozinho
5%
tribunal
5%
trocar
5%
vende
5%
acabou
3%
Alguém
3%
alivia
3%
Amaro
3%
aponta
3%
aquilo
3%
área
3%
atrás
3%
avenida
3%
Baixada
3%
bolsa
3%
boutique,
3%
brinco
3%
camisa
3%
cedo
3%
Ceilândia
3%
cigarro
3%
condicional
3%
Correntinha
3%
debaixo
3%
Dente
3%
Disneylândia
3%
doente,
3%
drinques
3%
Enfim
3%
enquadra
3%
entrega
3%
esquina
3%
Explode
3%
extremo
3%
falam
3%
família
3%
festim
3%
filme
3%
Fluminense
3%
foda-se
3%
foder
3%
forgado
3%
fulano
3%
Gomorra
3%
Guaianases
3%
guia
3%
Haha,
3%
herdeiro
3%
Ilumina
3%
inofensivo
3%
inteiro
3%
Limpa
3%
madame
3%
moça
3%
mudo,
3%
patrícios
3%
Pega
3%
pistola
3%
plau,
3%
plau
3%
procura
3%
quarto
3%
quinze
3%
Rebouças
3%
rir
3%
Roubado
3%
ruas
3%
sério
3%
sul
3%
tias
3%
tive
3%
trouxa
3%
Viciado,
3%
zuado,
3%
sentem
0%
tava
0%
Nenhum quiz correspondente encontrado
Distribuição das Pontuações
Porcentagem de Pessoas com Cada Pontuação
Percentil de Números Respondidos
Sua Pontuação Histórica
Você não jogou esse quiz